[Event "OP-2022-0-05341"]
[Site "LSS email"]
[Date "2022.10.10"]
[Round "?"]
[White "Celan, Melissa"]
[Black "Heiser, Jerome"]
[Result "1-0"]
[WhiteElo "2088"]
[BlackElo "668"]
[PlyCount "57"]
[EventDate "2022.10.08"]
[EventType "tourn (corr)"]
[EventRounds "4"]
[EventCountry "GER"]
[SourceTitle "Corr 2024"]
[Source "ChessBase"]
[SourceDate "2023.10.19"]
[SourceVersion "1"]
[SourceVersionDate "2023.10.19"]
[SourceQuality "1"]

1. d4 d5 2. c4 Bf5 3. cxd5 Bxb1 4. Rxb1 Qxd5 5. Nf3 Nc6 6. e3 a6 7. a3 e5 8. dxe5 Qxd1+ 9. Kxd1 0-0-0+ 10. Bd2 g6 11. Rc1 Bg7 12. Rxc6 bxc6 13. Bxa6+ Kb8 14. Ke2 Ne7 15. Ng5 Rhg8 16. Nxf7 Rd7 17. e6 Rxd2+ 18. Kxd2 Rf8 19. f4 Bxb2 20. Rb1 Ka7 21. Rxb2 Kxa6 22. e4 c5 23. g4 Nc6 24. f5 h5 25. gxh5 gxh5 26. f6 Re8 27. Ng5 Nd8 28. e7 Rg8 29. Rb8 1-0

[Event "OP-2022-0-05341"]
[Site "LSS email"]
[Date "2022.10.10"]
[Round "?"]
[White "Wiaderek, Piotr"]
[Black "Celan, Melissa"]
[Result "1-0"]
[WhiteElo "2026"]
[BlackElo "2088"]
[PlyCount "27"]
[EventDate "2022.10.08"]
[EventType "tourn (corr)"]
[EventRounds "4"]
[EventCountry "GER"]
[SourceTitle "Corr 2024"]
[Source "ChessBase"]
[SourceDate "2023.10.19"]
[SourceVersion "1"]
[SourceVersionDate "2023.10.19"]
[SourceQuality "1"]

1. d4 Nf6 2. c4 e6 3. Nf3 d5 4. Nc3 c6 5. Bg5 Be7 6. e3 h6 7. Bf4 Nbd7 8. Qc2 Nh5 9. Be5 Nhf6 10. Bf4 Nh5 11. Be5 Nhf6 12. Bg3 0-0 13. a3 b6 14. cxd5 1-0

[Event "OP-2022-0-05315"]
[Site "LSS email"]
[Date "2022.08.11"]
[Round "?"]
[White "Celan, Melissa"]
[Black "Swiatek, Janusz"]
[Result "1-0"]
[WhiteElo "2058"]
[BlackElo "2054"]
[PlyCount "93"]
[EventDate "2022.08.02"]
[EventType "tourn (corr)"]
[EventRounds "4"]
[EventCountry "GER"]
[SourceTitle "Corr 2024"]
[Source "ChessBase"]
[SourceDate "2023.10.19"]
[SourceVersion "1"]
[SourceVersionDate "2023.10.19"]
[SourceQuality "1"]

1. d4 d5 2. Nf3 e6 3. c4 Nf6 4. Nc3 c5 5. cxd5 Nxd5 6. e4 Nxc3 7. bxc3 cxd4 8. cxd4 Bb4+ 9. Bd2 Bxd2+ 10. Qxd2 0-0 11. Bc4 Nd7 12. 0-0 b6 13. Rfe1 Bb7 14. Rad1 Rc8 15. Bb3 h6 16. Re3 Qf6 17. Qe2 Qf4 18. d5 Nc5 19. g3 Qg4 20. Bc4 Rcd8 21. Rd4 Qh5 22. a4 Rfe8 23. h4 Bc8 24. Bb5 Rf8 25. Qa2 e5 26. Rb4 Bg4 27. Ne1 Nb7 28. Rc4 Nc5 29. Rc1 g5 30. f3 Bd7 31. g4 Qg6 32. h5 Qd6 33. Ng2 Bxb5 34. axb5 Ra8 35. Ra3 a5 36. bxa6 b5 37. Kh2 Rfc8 38. Rac3 b4 39. Rc4 Rxa6 40. Qf2 Ra5 41. Qd2 Rb8 42. Rxb4 Rba8 43. Rb2 Qf8 44. Qc2 Qd6 45. Ne3 Qa6 46. Rcb1 Qa7 47. Kg3 1-0

[Event "OP-2022-0-05315"]
[Site "LSS email"]
[Date "2022.08.11"]
[Round "?"]
[White "Laffont, Eduardo Alfredo"]
[Black "Celan, Melissa"]
[Result "1/2-1/2"]
[WhiteElo "1957"]
[BlackElo "2058"]
[PlyCount "81"]
[EventDate "2022.08.02"]
[EventType "tourn (corr)"]
[EventRounds "4"]
[EventCountry "GER"]
[SourceTitle "Corr 2024"]
[Source "ChessBase"]
[SourceDate "2023.10.19"]
[SourceVersion "1"]
[SourceVersionDate "2023.10.19"]
[SourceQuality "1"]

1. e4 e5 2. Nf3 Nc6 3. Bb5 Nf6 4. 0-0 Nxe4 5. Re1 Nd6 6. Nxe5 Be7 7. Bf1 Nxe5 8. Rxe5 0-0 9. d4 Ne8 10. c4 Bf6 11. Re1 d5 12. cxd5 Qxd5 13. Be3 Qa5 14. Nc3 Be6 15. Ne4 Rd8 16. Nc5 Bd5 17. b4 Qb6 18. a4 a5 19. b5 g6 20. g3 Bg7 21. Bf4 h6 22. h4 Nf6 23. Rc1 Rfe8 24. Qd2 c6 25. Rxe8+ Rxe8 26. Bxh6 cxb5 27. Bxb5 Bc6 28. Bxg7 Kxg7 29. Bxc6 Qxc6 30. d5 Qxd5 31. Qxd5 Nxd5 32. Nxb7 Re4 33. Ra1 Nb6 34. Nxa5 Rxa4 35. Rxa4 Nxa4 36. Nc6 Nc5 37. g4 Kh6 38. Nd4 Nd3 39. Kg2 f5 40. f3 fxg4 41. fxg4 1/2-1/2

[Event "WC-2022-S-00006"]
[Site "LSS email"]
[Date "2022.06.21"]
[Round "?"]
[White "Celan, Melissa"]
[Black "Brotherton, Trevor"]
[Result "0-1"]
[WhiteElo "2068"]
[BlackElo "2116"]
[PlyCount "61"]
[EventDate "2022.06.21"]
[EventType "tourn (corr)"]
[EventRounds "12"]
[EventCountry "GER"]
[SourceTitle "Corr 2024"]
[Source "ChessBase"]
[SourceDate "2023.10.19"]
[SourceVersion "1"]
[SourceVersionDate "2023.10.19"]
[SourceQuality "1"]

1. d4 d6 2. Nf3 g6 3. e4 Bg7 4. Bd3 Nf6 5. 0-0 0-0 6. Re1 Nc6 7. c3 e5 8. h3 a5 9. Bc2 b6 10. Bg5 h6 11. Bh4 Re8 12. Nbd2 Bd7 13. Nf1 Qc8 14. Qd2 Nh5 15. Rad1 b5 16. Ng3 Nxg3 17. Bxg3 Re7 18. d5 Nd8 19. Nh2 f6 20. f3 Nf7 21. Qe2 h5 22. Bf2 Bh6 23. Bd3 Qe8 24. Qc2 Bf4 25. Kh1 a4 26. Rb1 Kg7 27. Nf1 Qc8 28. h4 c5 29. dxc6 Qxc6 30. Qe2 Ra5 31. Ne3 0-1

[Event "WC-2022-S-00006"]
[Site "LSS email"]
[Date "2022.06.21"]
[Round "?"]
[White "Celan, Melissa"]
[Black "Schleef, Harald"]
[Result "1-0"]
[WhiteElo "2068"]
[BlackElo "2052"]
[PlyCount "145"]
[EventDate "2022.06.21"]
[EventType "tourn (corr)"]
[EventRounds "12"]
[EventCountry "GER"]
[SourceTitle "Corr 2024"]
[Source "ChessBase"]
[SourceDate "2023.10.19"]
[SourceVersion "1"]
[SourceVersionDate "2023.10.19"]
[SourceQuality "1"]

1. d4 Nf6 2. Nf3 d5 3. c4 e6 4. Nc3 c6 5. Bg5 Nbd7 6. e3 Bb4 7. Bd3 Qa5 8. 0-0 h6 9. Bf4 dxc4 10. Bxc4 Nd5 11. Nxd5 exd5 12. Bd3 Be7 13. Ne5 Nf6 14. Qe2 Be6 15. Rad1 Rc8 16. a3 a6 17. h3 Qb6 18. b4 0-0 19. g4 Qd8 20. Bh2 Ne4 21. Bc2 Nd6 22. Kh1 Qe8 23. Qd3 g6 24. Qe2 Kh8 25. f3 Rd8 26. Qf2 Ra8 27. h4 Rg8 28. h5 gxh5 29. Bf4 Qf8 30. Qh2 h4 31. Rg1 Re8 32. Rdf1 Qg7 33. Nxc6 bxc6 34. Be5 f6 35. Bxd6 Bxd6 36. Qxd6 Bf7 37. Re1 Re6 38. Qh2 Rge8 39. Qd2 R6e7 40. Bf5 Bg8 41. Qc1 Rc7 42. Re2 Bh7 43. e4 dxe4 44. Rxe4 Rd8 45. Qf4 Rb7 46. Bxh7 Kxh7 47. Qf5+ Qg6 48. Qc5 Qf7 49. Qxc6 Kg7 50. Qxa6 Qd5 51. Rge1 Rf7 52. Qd3 Rdd7 53. b5 Qd6 54. a4 Qg3 55. Qf1 Ra7 56. d5 Qd6 57. Qd3 Qg3 58. R1e2 Rac7 59. Qe3 Qh3+ 60. Kg1 Qg3+ 61. Rg2 Qd6 62. b6 Rb7 63. a5 Qxd5 64. Qc3 Rbd7 65. a6 Qd6 66. Qb4 Qd1+ 67. Re1 Qxf3 68. b7 Rxb7 69. axb7 Qxb7 70. Qxb7 Rxb7 71. Kh2 Rb5 72. Kh3 Kg6 73. Kxh4 1-0

[Event "OP-2022-0-05290"]
[Site "LSS email"]
[Date "2022.06.03"]
[Round "?"]
[White "Celan, Melissa"]
[Black "Plutarco, Fosca"]
[Result "1/2-1/2"]
[WhiteElo "2065"]
[BlackElo "2044"]
[PlyCount "36"]
[EventDate "2022.05.22"]
[EventType "tourn (corr)"]
[EventRounds "4"]
[EventCountry "GER"]
[SourceTitle "Corr 2024"]
[Source "ChessBase"]
[SourceDate "2023.10.19"]
[SourceVersion "1"]
[SourceVersionDate "2023.10.19"]
[SourceQuality "1"]

1. d4 d5 2. Nf3 Nf6 3. g3 c5 4. c4 dxc4 5. Qa4+ Qd7 6. Qxc4 cxd4 7. Qxd4 Qxd4 8. Nxd4 a6 9. Bg2 e5 10. Nb3 Nc6 11. 0-0 a5 12. Nc3 a4 13. Nb5 Rb8 14. Nd2 Bg4 15. Nc3 Bb4 16. Bxc6+ bxc6 17. Nxa4 Rd8 18. f3 Be6 1/2-1/2

[Event "OP-2022-0-05291"]
[Site "LSS email"]
[Date "2022.05.24"]
[Round "?"]
[White "Celan, Melissa"]
[Black "Stelmes, Santana"]
[Result "1-0"]
[WhiteElo "2065"]
[BlackElo "1730"]
[PlyCount "61"]
[EventDate "2022.05.24"]
[EventType "tourn (corr)"]
[EventRounds "4"]
[EventCountry "GER"]
[SourceTitle "Corr 2024"]
[Source "ChessBase"]
[SourceDate "2023.10.19"]
[SourceVersion "1"]
[SourceVersionDate "2023.10.19"]
[SourceQuality "1"]

1. d4 Nf6 2. Nf3 g6 3. c4 Bg7 4. Nc3 d5 5. cxd5 Nxd5 6. e4 Nxc3 7. bxc3 c5 8. Rb1 0-0 9. Be2 cxd4 10. cxd4 Qa5+ 11. Bd2 Qxa2 12. 0-0 Bg4 13. Be3 Nc6 14. d5 Na5 15. Bg5 Qa3 16. Re1 Bxf3 17. gxf3 Qd6 18. f4 e5 19. fxe5 Bxe5 20. Qd2 h6 21. Be3 Qa3 22. f4 Bd6 23. Bf1 b6 24. e5 Bc5 25. Kh1 Rad8 26. f5 Bxe3 27. Rxe3 Rxd5 28. Qxd5 Qxe3 29. fxg6 Qc5 30. gxf7+ Rxf7 31. Bg2 1-0

[Event "OP-2022-0-05291"]
[Site "LSS email"]
[Date "2022.05.24"]
[Round "?"]
[White "Jorgensen, Poulerik"]
[Black "Celan, Melissa"]
[Result "1/2-1/2"]
[WhiteElo "2329"]
[BlackElo "2065"]
[PlyCount "93"]
[EventDate "2022.05.24"]
[EventType "tourn (corr)"]
[EventRounds "4"]
[EventCountry "GER"]
[SourceTitle "Corr 2024"]
[Source "ChessBase"]
[SourceDate "2023.10.19"]
[SourceVersion "1"]
[SourceVersionDate "2023.10.19"]
[SourceQuality "1"]

1. e4 c6 2. d4 d5 3. Nc3 dxe4 4. Nxe4 Nd7 5. Bd3 Ndf6 6. Ng5 Bg4 7. N1f3 Bh5 8. c3 e6 9. Qb3 Qc7 10. Ne5 Bd6 11. Nc4 b6 12. a4 Ne7 13. Nxd6+ Qxd6 14. 0-0 0-0 15. Re1 h6 16. Ne4 Nxe4 17. Bxe4 Bg6 18. Bf3 Rac8 19. a5 Nd5 20. h3 Rfd8 21. a6 Bf5 22. Qc4 Nf4 23. Bxf4 Qxf4 24. Qe2 Qg5 25. g4 Bg6 26. b4 Qf4 27. Kg2 Kf8 28. Ra2 Rd6 29. Qe3 Qxe3 30. Rxe3 Ke8 31. h4 f6 32. h5 Bf7 33. Rb2 Kd8 34. Be4 Be8 35. f4 Rc7 36. Kh2 Rcd7 37. Bb1 Rc7 38. Ba2 Bd7 39. Bc4 Rc8 40. f5 exf5 41. gxf5 b5 42. Bf7 Bxf5 43. Rg2 Rd7 44. Rxg7 Kc7 45. Rf3 Bc2 46. Rfg3 Kd6 47. Rg2 1/2-1/2

[Event "OP-2022-0-05291"]
[Site "LSS email"]
[Date "2022.05.24"]
[Round "?"]
[White "Swiatek, Janusz"]
[Black "Celan, Melissa"]
[Result "1-0"]
[WhiteElo "1966"]
[BlackElo "2065"]
[PlyCount "67"]
[EventDate "2022.05.24"]
[EventType "tourn (corr)"]
[EventRounds "4"]
[EventCountry "GER"]
[SourceTitle "Corr 2024"]
[Source "ChessBase"]
[SourceDate "2023.10.19"]
[SourceVersion "1"]
[SourceVersionDate "2023.10.19"]
[SourceQuality "1"]

1. d4 e6 2. e4 d6 3. Bd3 e5 4. c3 g6 5. Nf3 Bg7 6. 0-0 Nc6 7. h3 Nf6 8. Re1 0-0 9. Bc2 a5 10. a4 b6 11. Be3 Qd7 12. Bd3 Ba6 13. Bxa6 Rxa6 14. dxe5 dxe5 15. Qxd7 Nxd7 16. Na3 Raa8 17. Red1 Rfd8 18. Nb5 Rac8 19. Nd2 Bf8 20. Nc4 f5 21. Bg5 Nc5 22. Bxd8 Nxd8 23. exf5 gxf5 24. Nxe5 Nde6 25. Nc6 Re8 26. Rd5 Ng7 27. b4 axb4 28. cxb4 Na6 29. a5 bxa5 30. bxa5 f4 31. Re5 Rxe5 32. Nxe5 Ne6 33. h4 Bg7 34. Re1 1-0

[Event "LSS SA-2022-0-00786"]
[Site "LSS email"]
[Date "2022.01.07"]
[Round "?"]
[White "Celan, Melissa"]
[Black "Kolanek, Roman"]
[Result "1/2-1/2"]
[WhiteElo "2072"]
[BlackElo "2120"]
[PlyCount "76"]
[EventDate "2021.12.19"]
[EventType "tourn (corr)"]
[EventRounds "6"]
[EventCountry "GER"]
[SourceTitle "Corr 2024"]
[Source "ChessBase"]
[SourceDate "2023.10.19"]
[SourceVersion "1"]
[SourceVersionDate "2023.10.19"]
[SourceQuality "1"]

1. d4 Nf6 2. Nf3 d5 3. e3 e6 4. Bd3 b6 5. 0-0 Bd6 6. b3 Bb7 7. Bb2 0-0 8. c4 c5 9. Nbd2 Nbd7 10. Qe2 cxd4 11. exd4 Be7 12. Rfd1 Rc8 13. Ne5 dxc4 14. bxc4 Nxe5 15. Qxe5 Qc7 16. Qe2 Qf4 17. g3 Qd6 18. a4 Qc6 19. f3 Bb4 20. Kg2 Qc7 21. Rac1 Qd7 22. Bc2 Rfd8 23. Qe3 Qe7 24. Qd3 a5 25. Bb1 Rc7 26. Qb3 Rdc8 27. Ne4 Nxe4 28. Bxe4 Bxe4 29. fxe4 h5 30. Rc2 h4 31. Rdc1 Qd7 32. gxh4 e5 33. Qd3 Rc6 34. Kh1 exd4 35. Qxd4 Qxd4 36. Bxd4 Rd8 37. Bg1 Re8 38. Re2 Re7 1/2-1/2

[Event "LSS SA-2022-0-00786"]
[Site "LSS email"]
[Date "2022.01.06"]
[Round "?"]
[White "Nowak, Ireneusz"]
[Black "Celan, Melissa"]
[Result "1-0"]
[WhiteElo "2041"]
[BlackElo "2072"]
[PlyCount "102"]
[EventDate "2021.12.19"]
[EventType "tourn (corr)"]
[EventRounds "6"]
[EventCountry "GER"]
[SourceTitle "Corr 2024"]
[Source "ChessBase"]
[SourceDate "2023.10.19"]
[SourceVersion "1"]
[SourceVersionDate "2023.10.19"]
[SourceQuality "1"]

1. c4 e5 2. Nc3 d6 3. g3 Be6 4. Bg2 c6 5. d3 Nf6 6. Nf3 Be7 7. 0-0 0-0 8. b3 Qc8 9. e4 c5 10. Ne1 Nc6 11. f4 Nd4 12. f5 Bd7 13. Bd2 b5 14. cxb5 Nxb5 15. Nc2 Bc6 16. Rc1 Nxc3 17. Bxc3 a5 18. a4 c4 19. dxc4 Qb7 20. Re1 Qxb3 21. Ne3 Qxd1 22. Rcxd1 Rfc8 23. Re2 Kf8 24. h4 Nxe4 25. Be1 Nc5 26. Bxc6 Rxc6 27. Rb1 Bd8 28. Ra2 Nd7 29. Kg2 Nb6 30. Bf2 Rac8 31. Kh3 g6 32. g4 gxf5 33. Nxf5 Nxc4 34. Rb5 Ke8 35. h5 Kd7 36. Ng7 Bg5 37. Nf5 Bd2 38. Rc2 Bb4 39. Re2 Na3 40. Rb7+ R6c7 41. Rb6 Nb1 42. Nxd6 Bxd6 43. Rxb1 Rc3+ 44. Bg3 e4 45. Rg2 Rb8 46. Rd1 Rd3 47. Rxd3 exd3 48. Rd2 Rb3 49. Kg2 Bxg3 50. Kxg3 Ke6 51. Kf2 Kf6 1-0

[Event "LSS SA-2022-0-00786"]
[Site "LSS email"]
[Date "2022.01.06"]
[Round "?"]
[White "Vodicka, Milan"]
[Black "Celan, Melissa"]
[Result "1/2-1/2"]
[WhiteElo "2092"]
[BlackElo "2072"]
[PlyCount "37"]
[EventDate "2021.12.19"]
[EventType "tourn (corr)"]
[EventRounds "6"]
[EventCountry "GER"]
[SourceTitle "Corr 2024"]
[Source "ChessBase"]
[SourceDate "2023.10.19"]
[SourceVersion "1"]
[SourceVersionDate "2023.10.19"]
[SourceQuality "1"]

1. e4 c6 2. d4 d5 3. f3 e6 4. Nc3 Bb4 5. Nge2 Nf6 6. e5 Nfd7 7. a3 Be7 8. f4 0-0 9. Be3 Qb6 10. Na4 Qc7 11. Nac3 b5 12. Ng3 Nb6 13. Bd3 Nc4 14. Bc1 f5 15. 0-0 a6 16. b3 Nb6 17. Be3 c5 18. Qe1 cxd4 19. Bxd4 1/2-1/2

[Event "RA-2020-0-00675"]
[Site "LSS email"]
[Date "2020.12.16"]
[Round "?"]
[White "Celan, Melissa"]
[Black "Morcin, Tom"]
[Result "1/2-1/2"]
[WhiteElo "2084"]
[BlackElo "2120"]
[PlyCount "43"]
[EventDate "2020.10.28"]
[EventType "tourn (corr)"]
[EventRounds "6"]
[EventCountry "GER"]
[SourceTitle "Corr 2022"]
[Source "ChessBase"]
[SourceDate "2021.10.24"]
[SourceVersion "1"]
[SourceVersionDate "2021.10.24"]
[SourceQuality "1"]

1. d4 Nf6 2. Nf3 d5 3. c4 e6 4. Nc3 Be7 5. Bf4 0-0 6. e3 Nbd7 7. c5 Nh5 8. b4 c6 9. Bd3 Nxf4 10. exf4 b6 11. 0-0 a5 12. a3 Qc7 13. g3 Ba6 14. Bxa6 Rxa6 15. Qe2 Raa8 16. Rfb1 g6 17. Na4 axb4 18. axb4 Ra7 19. Ra2 Rfa8 20. Rba1 Kg7 21. Kg2 Qb8 22. Nc3 1/2-1/2

[Event "RA-2020-0-00671"]
[Site "LSS email"]
[Date "2020.10.22"]
[Round "?"]
[White "Celan, Melissa"]
[Black "Boni, Roberto"]
[Result "1/2-1/2"]
[WhiteElo "2071"]
[BlackElo "2178"]
[PlyCount "67"]
[EventDate "2020.08.07"]
[EventType "tourn (corr)"]
[EventRounds "6"]
[EventCountry "GER"]
[SourceTitle "Corr 2022"]
[Source "ChessBase"]
[SourceDate "2021.10.24"]
[SourceVersion "1"]
[SourceVersionDate "2021.10.24"]
[SourceQuality "1"]

1. d4 d5 2. Nf3 Nf6 3. c4 c6 4. e3 Bf5 5. Bd3 Bxd3 6. Qxd3 e6 7. 0-0 Nbd7 8. Nbd2 Be7 9. b3 0-0 10. Re1 c5 11. Bb2 cxd4 12. exd4 b6 13. Rac1 Rc8 14. Nf1 Re8 15. Ne3 Bd6 16. g3 dxc4 17. bxc4 h6 18. Kg2 Nf8 19. a4 N8d7 20. Qb3 Bf8 21. a5 Rb8 22. axb6 Rxb6 23. Qc2 a5 24. c5 Ra6 25. Qa4 Qa8 26. Nc4 Rb8 27. h3 Rb4 28. Qd1 a4 29. Re3 Nd5 30. Rd3 Nc7 31. Kh2 Rb8 32. Qe2 Ra7 33. Rc2 Nd5 34. Rc1 1/2-1/2

[Event "RA-2020-0-00671"]
[Site "LSS email"]
[Date "2020.10.22"]
[Round "?"]
[White "Morcin, Tom"]
[Black "Celan, Melissa"]
[Result "1/2-1/2"]
[WhiteElo "2125"]
[BlackElo "2071"]
[PlyCount "79"]
[EventDate "2020.08.07"]
[EventType "tourn (corr)"]
[EventRounds "6"]
[EventCountry "GER"]
[SourceTitle "Corr 2022"]
[Source "ChessBase"]
[SourceDate "2021.10.24"]
[SourceVersion "1"]
[SourceVersionDate "2021.10.24"]
[SourceQuality "1"]

1. e4 g6 2. d4 Bg7 3. Nc3 d6 4. Be3 Nf6 5. Qd2 0-0 6. f3 e5 7. d5 c6 8. 0-0-0 cxd5 9. Nxd5 Nxd5 10. Qxd5 Be6 11. Qxb7 Nd7 12. Rxd6 Qe7 13. Qa6 Rfc8 14. Rxe6 fxe6 15. Qa5 Nc5 16. Nh3 Rab8 17. Kb1 Qd6 18. Bc4 Nxe4 19. Bb3 Nc5 20. Qa3 e4 21. Ng5 Qd8 22. Nxe6 Nxe6 23. Bxe6+ Kh8 24. Bc1 Rc6 25. Bb3 exf3 26. gxf3 a5 27. Qa4 Rc5 28. Re1 Rh5 29. Re2 Qd6 30. f4 Rf8 31. Re8 Rxe8 32. Qxe8+ Qf8 33. Qe2 Bf6 34. a3 Kg7 35. Bc4 Qe7 36. Qg2 Qd7 37. Bd3 Qd5 38. Qg3 Qd6 39. h3 Rd5 40. Qe3 1/2-1/2

[Event "LSS SA-2020-0-00737"]
[Site "LSS email"]
[Date "2020.10.05"]
[Round "?"]
[White "Cleto Junior, Dirceu"]
[Black "Celan, Melissa"]
[Result "1/2-1/2"]
[WhiteElo "2035"]
[BlackElo "2072"]
[PlyCount "37"]
[EventDate "2020.09.05"]
[EventType "tourn (corr)"]
[EventRounds "6"]
[EventCountry "GER"]
[SourceTitle "Corr 2024"]
[Source "ChessBase"]
[SourceDate "2023.10.19"]
[SourceVersion "1"]
[SourceVersionDate "2023.10.19"]
[SourceQuality "1"]

1. e4 c6 2. d4 d5 3. e5 c5 4. dxc5 Nc6 5. f4 e6 6. Be3 Nh6 7. a3 Be7 8. Bd3 0-0 9. Qh5 f6 10. Nf3 fxe5 11. Nxe5 Nxe5 12. fxe5 Nf5 13. Nd2 b6 14. cxb6 Ba6 15. Bf2 Bxd3 16. cxd3 axb6 17. Qd1 Bc5 18. 0-0 Qe7 19. Qe1 1/2-1/2

[Event "OP-2020-0-05029"]
[Site "LSS email"]
[Date "2020.09.29"]
[Round "?"]
[White "Nowot, Christina"]
[Black "Celan, Melissa"]
[Result "0-1"]
[WhiteElo "1600"]
[BlackElo "2074"]
[PlyCount "20"]
[EventDate "2020.09.29"]
[EventType "tourn (corr)"]
[EventRounds "4"]
[EventCountry "GER"]
[SourceTitle "Corr 2022"]
[Source "ChessBase"]
[SourceDate "2021.10.24"]
[SourceVersion "1"]
[SourceVersionDate "2021.10.24"]
[SourceQuality "1"]

1. e4 e5 2. Nf3 Nc6 3. Bb5 a6 4. Bxc6 dxc6 5. 0-0 f6 6. d4 exd4 7. Nxd4 c5 8. Nb3 Qxd1 9. Rxd1 Bd7 10. Bf4 0-0-0 0-1

[Event "SA-2020-0-00728"]
[Site "LSS email"]
[Date "2020.07.18"]
[Round "?"]
[White "Celan, Melissa"]
[Black "Rodriguez, Raul"]
[Result "1/2-1/2"]
[WhiteElo "2105"]
[BlackElo "2061"]
[PlyCount "97"]
[EventDate "2020.06.09"]
[EventType "tourn (corr)"]
[EventRounds "6"]
[EventCountry "GER"]
[SourceTitle "Corr 2022"]
[Source "ChessBase"]
[SourceDate "2021.10.24"]
[SourceVersion "1"]
[SourceVersionDate "2021.10.24"]
[SourceQuality "1"]

1. d4 Nf6 2. c4 g6 3. Nc3 d5 4. cxd5 Nxd5 5. e4 Nxc3 6. bxc3 Bg7 7. Be3 c5 8. Qd2 cxd4 9. cxd4 Nc6 10. Rd1 Bg4 11. Be2 Bxe2 12. Nxe2 0-0 13. 0-0 e6 14. d5 exd5 15. exd5 Ne5 16. Bf4 Qd7 17. d6 Rfe8 18. Ng3 Nc4 19. Qd5 Nb6 20. Qd3 h6 21. Rc1 Rad8 22. Rfd1 Qg4 23. Be3 Bf8 24. Qb5 Qd7 25. Qxd7 Rxd7 26. Rc7 Red8 27. Bxb6 axb6 28. Rxd7 Rxd7 29. Ne4 Kg7 30. g4 f5 31. gxf5 gxf5 32. Ng3 Kf6 33. Rd5 Bxd6 34. Rxf5+ Ke6 35. Rh5 Bf8 36. Kg2 Rd2 37. Ne4 Rxa2 38. Rb5 Ra6 39. f4 Kd7 40. f5 Kc7 41. Rb1 Ra5 42. Rc1+ Kd7 43. Rd1+ Kc6 44. Rc1+ Kd7 45. Rd1+ Kc6 46. Rc1+ Bc5 47. f6 Kd7 48. Rd1+ Ke6 49. Rd8 1/2-1/2

[Event "SA-2020-0-00728"]
[Site "LSS email"]
[Date "2020.07.17"]
[Round "?"]
[White "Avellan, Gerardo"]
[Black "Celan, Melissa"]
[Result "1/2-1/2"]
[WhiteElo "2018"]
[BlackElo "2105"]
[PlyCount "82"]
[EventDate "2020.06.09"]
[EventType "tourn (corr)"]
[EventRounds "6"]
[EventCountry "GER"]
[SourceTitle "Corr 2022"]
[Source "ChessBase"]
[SourceDate "2021.10.24"]
[SourceVersion "1"]
[SourceVersionDate "2021.10.24"]
[SourceQuality "1"]

1. e4 d5 2. exd5 Qxd5 3. Nc3 Qa5 4. d4 c6 5. Bc4 Bf5 6. g4 Be4 7. Nf3 Bd5 8. Bd3 e6 9. Bd2 Qc7 10. Qe2 Bb4 11. Rg1 Ne7 12. h4 Bxc3 13. Bxc3 Ng6 14. Qe3 Nd7 15. h5 Nf4 16. Bf1 Bxf3 17. Qxf3 g5 18. hxg6 fxg6 19. 0-0-0 0-0 20. Qg3 Nf6 21. Re1 N6d5 22. Bd2 c5 23. dxc5 Qxc5 24. Re4 Rac8 25. Rc4 Qd6 26. Kb1 Rc6 27. a4 Qe5 28. Qb3 Rd6 29. f3 Rb6 30. Qa3 Ne2 31. Bxe2 Qxe2 32. Bh6 Ra8 33. Re4 Qh2 34. Be3 Rc6 35. Rc1 Qg2 36. Bd4 Rf8 37. Qb3 Qxf3 38. Qxf3 Rxf3 39. Bxa7 h5 40. gxh5 gxh5 41. a5 Kf7 1/2-1/2

[Event "SA-2020-0-00728"]
[Site "LSS email"]
[Date "2020.07.17"]
[Round "?"]
[White "Celan, Melissa"]
[Black "Mujica, Hector"]
[Result "1/2-1/2"]
[WhiteElo "2105"]
[BlackElo "2055"]
[PlyCount "55"]
[EventDate "2020.06.09"]
[EventType "tourn (corr)"]
[EventRounds "6"]
[EventCountry "GER"]
[SourceTitle "Corr 2022"]
[Source "ChessBase"]
[SourceDate "2021.10.24"]
[SourceVersion "1"]
[SourceVersionDate "2021.10.24"]
[SourceQuality "1"]

1. d4 Nf6 2. c4 e6 3. Nf3 b6 4. g3 Bb7 5. Bg2 Bb4+ 6. Bd2 Bxd2+ 7. Qxd2 0-0 8. Nc3 Ne4 9. Qc2 Nxc3 10. Qxc3 d6 11. 0-0 Nd7 12. Rfe1 Be4 13. Nd2 Bxg2 14. Kxg2 f5 15. Qd3 Qf6 16. e3 Qf7 17. Nb1 e5 18. Nc3 a6 19. b3 e4 20. Qe2 c6 21. a4 Nf6 22. Rac1 g5 23. b4 Kh8 24. Kg1 Qd7 25. Ra1 Qg7 26. b5 Qh6 27. Kg2 axb5 28. axb5 1/2-1/2

[Event "SA-2020-0-00728"]
[Site "LSS email"]
[Date "2020.07.17"]
[Round "?"]
[White "Kazimierski, Tomasz"]
[Black "Celan, Melissa"]
[Result "1/2-1/2"]
[WhiteElo "1954"]
[BlackElo "2105"]
[PlyCount "51"]
[EventDate "2020.06.09"]
[EventType "tourn (corr)"]
[EventRounds "6"]
[EventCountry "GER"]
[SourceTitle "Corr 2022"]
[Source "ChessBase"]
[SourceDate "2021.10.24"]
[SourceVersion "1"]
[SourceVersionDate "2021.10.24"]
[SourceQuality "1"]

1. e3 g6 2. d4 Bg7 3. e4 c5 4. d5 d6 5. c4 Nf6 6. Nc3 0-0 7. Nge2 a6 8. a4 Re8 9. Ng3 e6 10. Be2 exd5 11. cxd5 h5 12. Bg5 Nbd7 13. 0-0 Qa5 14. Qc1 Nh7 15. Be3 Ne5 16. f3 Bd7 17. Bh6 h4 18. Nh1 f5 19. Nf2 Re7 20. Bd2 Qc7 21. exf5 Bxf5 22. a5 Rf8 23. h3 Ree8 24. Ra4 Qd8 25. Nce4 Nd7 26. Bc4 1/2-1/2

[Event "SA-2020-0-00726"]
[Site "LSS email"]
[Date "2020.06.25"]
[Round "?"]
[White "Celan, Melissa"]
[Black "Lombart, Philippe"]
[Result "1/2-1/2"]
[WhiteElo "2091"]
[BlackElo "2039"]
[PlyCount "59"]
[EventDate "2020.05.05"]
[EventType "tourn (corr)"]
[EventRounds "6"]
[EventCountry "GER"]
[SourceTitle "Corr 2022"]
[Source "ChessBase"]
[SourceDate "2021.10.24"]
[SourceVersion "1"]
[SourceVersionDate "2021.10.24"]
[SourceQuality "1"]

1. d4 d5 2. Nf3 Nf6 3. g3 g6 4. Bg2 Bg7 5. 0-0 0-0 6. c4 c6 7. cxd5 cxd5 8. Nc3 Nc6 9. Ne5 Bf5 10. Be3 Rc8 11. Rc1 h5 12. Qd2 Ne4 13. Nxe4 Nxe5 14. Rxc8 Qxc8 15. Nd6 exd6 16. dxe5 dxe5 17. Bxd5 Rd8 18. Rc1 Qd7 19. Rd1 b6 20. Bg5 Rc8 21. e4 Bh3 22. Bb3 Qc6 23. Qd3 Bf8 24. a3 a5 25. Re1 Qe8 26. Rc1 Rxc1+ 27. Bxc1 Bc5 28. Bg5 Qd7 29. Qxd7 Bxd7 30. Bd5 1/2-1/2